Central Library OPAC University of Rajshahi

Electronic devices and circuits / (Record no. 38708)

MARC details
000 -LEADER
fixed length control field 00796pam a2200265 a 4500
001 - CONTROL NUMBER
control field 38708
003 - CONTROL NUMBER IDENTIFIER
rucl marc code (BD-RjUL)
005 - DATE AND TIME OF LATEST TRANSACTION
control field 20211209052838.0
008 - FIXED-LENGTH DATA ELEMENTS--GENERAL INFORMATION
fixed length control field 961023s1997 njua 001 0 eng
020 ## - INTERNATIONAL STANDARD BOOK NUMBER
International Standard Book Number 9781259006418
International Standard Book Number 1259006417
035 ## - SYSTEM CONTROL NUMBER
System control number (BD-RjUL)
040 ## - CATALOGING SOURCE
Original cataloging agency DLC
Transcribing agency (BD-RjUL)
Modifying agency DLC
082 00 - DEWEY DECIMAL CLASSIFICATION NUMBER
Classification number 621.3815
Edition number 21
Author mark and year SAE 2012
100 1# - MAIN ENTRY--PERSONAL NAME
Personal name Salivahanan, S.
9 (RLIN) 119425
245 10 - TITLE STATEMENT
Title Electronic devices and circuits /
Statement of responsibility, etc. S Salivahanan, N Suresh Kumar
260 ## - PUBLICATION, DISTRIBUTION, ETC. (IMPRINT)
Place of publication, distribution, etc. New Delhi :
Name of publisher, distributor, etc. Tata Mcgraw Hill pub.,
Date of publication, distribution, etc. c2012.
300 ## - PHYSICAL DESCRIPTION
Pagination xix, 1061 p. :
Illustrations illus.
Size 23 cm.
500 ## - GENERAL NOTE
General note Includes index.
650 #0 - SUBJECT ADDED ENTRY--TOPICAL TERM
Topical term or geographic name as entry element Electronic circuits.
9 (RLIN) 117163
Topical term or geographic name as entry element Electronic apparatus and appliances.
9 (RLIN) 117162
700 1# - ADDED ENTRY--PERSONAL NAME
Personal name Kumar, N Suresh.
942 ## - ADDED ENTRY ELEMENTS (KOHA)
Source of classification or shelving scheme Dewey Decimal Classification
Koha item type Books
Holdings
Lost status Source of classification or shelving scheme Damaged status Not for loan Permanent Location Current Location Shelving location Date acquired Total Checkouts Full call number Date last seen Copy number Koha item type
  Dewey Decimal Classification   Not For Loan Department of Information and Communication Engineering (ICE) Library Department of Information and Communication Engineering (ICE) Library Seminar Library 10/02/2016   621.3815 SAE 2012 10/02/2016 C-1 Books